Конструкции и наладка токарно-затыловочных станков: учебник для среднего профессионально-технического образования

Podrobná bibliografie
Hlavní autor: Вереина Л. И. Людмила Ивановна
Další autoři: Усов Б. А. Борис Андрианович
Jazyk:ruština
Vydáno: Москва, Высшая школа, 1985
Edice:Профессионально-техническое образование
Témata:
Médium: Kniha
KOHA link:https://koha.lib.tpu.ru/cgi-bin/koha/opac-detail.pl?biblionumber=275470

MARC

LEADER 00000nam0a2200000 4500
001 275470
005 20231101234828.0
020 |a RU  |b 80-60605 
035 |a (RuTPU)RU\TPU\book\298711 
090 |a 275470 
100 |a 20141114d1980 m y0rusy5003 ca 
101 0 |a rus 
102 |a RU 
105 |a a j 001zy 
200 1 |a Конструкции и наладка токарно-затыловочных станков  |e учебник для среднего профессионально-технического образования  |f Л. И. Вереина, Б. А. Усов 
210 |a Москва  |c Высшая школа  |d 1985 
215 |a 191 с.  |c ил. 
225 1 |a Профессионально-техническое образование 
320 |a Библиогр.: с. 160-163 
606 1 |a Токарно-затыловочные станки  |2 stltpush  |3 (RuTPU)RU\TPU\subj\60795  |9 78018 
610 1 |a токарные станки 
610 1 |a режущий инструмент 
610 1 |a затылование 
610 1 |a конструкции 
610 1 |a наладка 
610 1 |a учебники 
675 |a 621.941.27(075.32)  |z rus  |v 3 
700 1 |a Вереина  |b Л. И.  |g Людмила Ивановна  |4 070 
701 1 |a Усов  |b Б. А.  |g Борис Андрианович  |4 070 
801 0 |a RU  |b RuMRKP  |c 19950704  |g psbo 
801 1 |a RU  |b 63413507  |c 20141114 
801 2 |a RU  |b 63413507  |c 20170126  |g RCR 
942 |c BK